000
00287nam a2200121 a 4500
008
101208s1979|||| d
245
1
0
_a
Tvorivosť, tvar, farba
044
_a
xo
_c
SK
041
_a
slo
100
1
_a
Prette, M.C.
260
_b
Mladé letá
_a
Bratislava
_c
1979
020
_c
165
999
_c
14880
_d
14880